| 000 | 01247naa a22002777a 4500 | ||
|---|---|---|---|
| 001 | BR8404617 | ||
| 003 | BR-BrBNA | ||
| 005 | 20240918175450.0 | ||
| 007 | ta | ||
| 008 | 230509b bl.||||| |||| 00| 0 por d | ||
| 040 |
_aBR-BrBNA _bpor _cBiblioteca Nacional de Agricultura |
||
| 041 | _a(Pt) | ||
| 072 |
_aP40 _b1410 |
||
| 090 | _aP40 BR8404617 | ||
| 100 | 1 | _aSteinmetz, S. | |
| 111 | 1 |
_a3. Congresso Brasileiro de Agrometeorologia _cCampinas, SP (Brazil) _d17-22 Jul 1983 |
|
| 245 | 1 | _aEvapotranspiracao maxima no cultivo do feijao de inverno | |
| 260 | 3 |
_aCampinas, SP (Brasil): _c1984. |
|
| 500 | _aAlfonsi, R.R.; Pedro Junior, M.J.; Camargo, M.B.P. de; Ortolani, A.A.; Brunini, O. (eds.) Anais do 3. Congresso Brasileiro de Agrometeorologia Campinas, SP (Brasil): 1984. p. 273-281 (BR8404617-AM)P40 | ||
| 650 | _aFEIJAO | ||
| 650 | _aEVAPOTRANSPIRACAO | ||
| 650 | _aHIDROMETEOROLOGIA | ||
| 773 | 0 |
_tAnais do 3. Congresso Brasileiro de Agrometeorologia _aAlfonsi, R.R.; Pedro Junior, M.J.; Camargo, M.B.P. de; Ortolani, A.A.; Brunini, O. (eds.). Sociedade Brasileira de Agrometeorologia, Campinas, SP (Brasil) _wP40 BR8404617 _gCampinas, SP (Brasil), 1984. p. 273-281 |
|
| 909 |
_a202404 _bLucia _c55 _dLucia Elande |
||
| 942 |
_cAM _2AGRIS |
||
| 999 |
_c316856 _d316856 |
||